Statistics for the quiz about jordan for steph :)

Click here to take the quiz!

General Stats

  • This quiz has been taken 6 times
  • The average score is 11 of 25

Answer Stats

Question:Answer% Correct
which hand is my dominant one?Left
100%
Am i currently able to finish off a Large pizza on my own?No
100%
Which is your favourite hand to hold? Tell me the answerLeft/Right
100%
Eye Colour?Blue
100%
How tall am i?6'5
80%
Do i write Sci Fi or Poetry?Sci Fi
80%
How many siblings do i have?2
80%
Shoe size?14
80%
Favourite Colour?Red
60%
What season of greys am i on?3
60%
Fav video game?2k
40%
Fav basketball team?Pacers
40%
How many days younger than you am I?22
40%
What is my favorite baseball team?Rockies
20%
When is my birthday?November 10
20%
what is the year gap between each of us?two
20%
Place of birth?Mississauga Memorial
20%
My Middle Name?Michael-James
20%
My Dogs Breed?Mini English Bull Terrier
0%
What is the reason i told you i chose number 22?Its the number of days between our birthdays
0%
Favourite Movie Genre?Science Fiction
0%
What is the first thing i cooked for you?Valentines day cookie
0%
Who has won the most consecutive games of darts?Stephie
0%
what is my go to food at boston pizza?Meteor Pizza
0%
What part of my body did i require surgery for?Right MCL
0%

Score Distribution

Percentile by Number Answered

Percent of People with Each Score

Your Score History

You have not taken this quiz